000 00635nam a2200193 i 4500
001 C2-0274630
003 PPAK
005 20240401120413.0
008 061002s1968 my |||| ||||| | eng d
040 _aPPAK
_beng
_cPPAK
_erda
090 0 0 _a606
_bTEC
_dKWI
245 0 0 _aTechnical Association Of Malaysia
_bSymposium The technologist's content in a developing country with particular accent on rurar development
264 1 _aKedah :
_bTechnical Association of Malaysia ,
_c1968
300 _a24 pages ;
_c26 cm
336 _2rdacontent
_atext
337 _2rdamedia
_aunmediated
338 _2rdacarrier
_avolume
942 _cB
_2ddc
999 _c82390
_d82390